Dane z energií a ich pozícia v Slovenskej republike a v EÚ

Princípy zdaňovania elektriny, uhlia a zemného plynu sú upravené smernicou Rady 2003/96/ES. Situácia rok po zavedení dane z energií v SR. Najvyššie príjmy v SR plynú do štátneho rozpočtu zo spotrebnej dane zo zemného plynu, najnižšie zo spotrebnej dane z uhlia.

Na minha lista:
Detalhes bibliográficos
Autor principal: Válek, Juraj, 1981-
Formato: Capítulo de Livro
Idioma:eslovaco
Assuntos:
Tags: Adicionar Tag
Sem tags, seja o primeiro a adicionar uma tag!

MARC

LEADER 00000nla a2200000 4500
001 0165347
005 20240506113549.6
041 0 |a slo 
044 |a SK 
245 1 0 |a Dane z energií a ich pozícia v Slovenskej republike a v EÚ  |c Juraj Válek 
520 |a Princípy zdaňovania elektriny, uhlia a zemného plynu sú upravené smernicou Rady 2003/96/ES. Situácia rok po zavedení dane z energií v SR. Najvyššie príjmy v SR plynú do štátneho rozpočtu zo spotrebnej dane zo zemného plynu, najnižšie zo spotrebnej dane z uhlia. 
610 2 0 |a energia 
610 2 0 |a dane 
610 2 0 |a dane spotrebné 
610 2 0 |a plyn zemný 
610 2 0 |a uhlie 
610 2 0 |a elektrina 
610 2 0 |a príjmy rozpočtu štátneho 
100 1 |a Válek, Juraj, 1981-